000 00779nam a22002297a 4500
003 DO-SdBNP
005 20210920115303.0
007 ta
008 210917e2019 dr a|||gr|||| 001 0dspa d
020 _a9789945915891
040 _aDO-SdBNP
_bspa
_cBNPHU
082 _bJ585o
100 1 _943504
_aJesús De León, Elvis, de,
245 1 0 _aOrientalismos en las escrituras II:
_bcostumbres y enseñanzas orientales en las sagradas escrituras /
_cElvis de Jesús y Ángel Duarte
260 _aSanto Domingo :
_bPublicaciones Libertad,
_c2019
300 _a136 p.:
_bil.;
_c21 cm
500 _aIncluye biografía de los autores en la solapa posterior.
504 _aBibliografía, p.136
590 _ainventariado 2021 / MF
700 1 2 _aDuarte, Ángel
_973540
942 _2ddc
_cLBS1
999 _c50570
_d50570